Top 31 popularité personnages Tokyo Revengers - Statistiques

Statistiques générales
  • Ce quiz a été pris 1 257 fois
  • Le résultat moyen est 21 sur 31
Statistiques - réponses
Places Votes Personnages % Correct
9 1 980 Ken Ryuguji
99%
1 10 288 Manjiro Sano
99%
4 4 657 Takemichi Hanagaki
97%
3 5 480 Keisuke Baji
92%
2 6 084 Chifuyu Matsuno
89%
22 187 Hinata Tachibana
88%
21 346 Tetta Kisaki
88%
8 2 154 Takashi Mitsuya
86%
25 167 Emma Sano
83%
17 622 Shuji Hanma
82%
13 1 383 Kazutora Hanemiya
76%
7 2 292 Izana Kurokawa
75%
24 175 Nahoya Kawata
75%
23 177 Souya Kawata
73%
28 135 Hakkai Shiba
71%
11 1 446 Taiju Shiba
70%
18 543 Shinichiro Sano
65%
14 1 148 Seishu Inui
63%
20 419 Senju Kawaragi
61%
12 1 432 Hajime Kokonoi
60%
15 705 Kakucho
60%
6 2 568 Ran Haitani
60%
19 524 Yuzuha Shiba
58%
10 1 602 Rindo Haitani
57%
5 3 210 Haruchiyo Sanzu
56%
31 102 Atsushi Sendo
50%
16 630 Wakasa Imaushi
46%
26 156 Yasuhiro Muto
44%
30 106 Shion Madarame
31%
29 128 Kanji Mochizuki
21%
27 143 Peke J
8%
Aucun quiz correspondant
Distribution des résultats
% des personnes avec chaque résultat
Percentile par nombre de réponses
Votre historique - résultats
Vous n’avez pas pris ce quiz